| 000 | nam a22 a 4500 | ||
|---|---|---|---|
| 999 |
_c444073 _d444073 |
||
| 003 | BLK | ||
| 005 | 20220208114625.0 | ||
| 008 | 220208b bu |||||r|||| 00| | bu d | ||
| 040 | _aBLK | ||
| 041 |
_aBUL _cBUL |
||
| 080 |
_aСоциално разслоение и класова структура на различни обществено-икономически формации _b316.343 _x(47+57) _z316.343(47+57) |
||
| 100 |
_9327873 _aГлезерман, Григорий Ерухимович _eпърви автор |
||
| 139 | _aГлезерман, Григорий Е. | ||
| 245 |
_aПо въпроса за преодоляването на класовите различия между работниците и селяните в СССР _cГригорий Е. Глезерман ; прев. Васил Чолаков |
||
| 260 |
_9212206 _aСофия _bБКП _c1951 |
||
| 300 |
_a61 с. _c18 см |
||
| 380 | _a3 | ||
| 650 | 7 |
_9158690 _aКласи |
|
| 650 | 7 |
_9171886 _aСССР |
|
| 653 | 0 |
_9470466 _aкласови различия |
|
| 653 | 7 |
_9197252 _aСССР |
|
| 700 |
_91121 _aЧолаков, Васил _eпрев. от рус. |
||
| 852 |
_aЦб I 1144 _bО |
||
| 942 |
_cKNG _n0 _s1 |
||
| 944 |
_aCR _c2022-02-08 _kХристина Везирева |
||